| 000 | 00364nam a2200145Ia 4500 | ||
|---|---|---|---|
| 008 | 221030s9999 xx 000 0 und d | ||
| 041 | _aEnglish | ||
| 082 | _a105.23 | ||
| 100 | _aN. D. Bhatt | ||
| 245 | 0 |
_aMachine Drawing In first Angle Projection Method _cby N. D. Bhatt, V. M. Panchal |
|
| 260 | _c0 | ||
| 650 | _aB | ||
| 700 | _aV. M. Panchal | ||
| 942 | _cBK | ||
| 999 |
_c11207 _d11207 |
||